000
002640000a22000970004500
100
1
_a
Holter, Knut
245
1
0
_a
Zur funktion der städte Judas in Jesaja 40:9
300
_a
Vol. 46, Num. 1 (Enero, 1996), Páginas 119-121
773
0
_t
Vetus Testamentum
942
_c
ANA
999
_c
58023
_d
58023